| 000 | 01004cam a2200277 4500 | ||
|---|---|---|---|
| 001 | 5091 | ||
| 005 | 20181127174751.0 | ||
| 008 | 910130s1991 maua b 000 0aeng | ||
| 010 | _a 91008574 | ||
| 020 |
_a9781570627163 _c |
||
| 041 | 1 |
_aeng _hjpn |
|
| 043 | _aa-ja--- | ||
| 100 | 1 |
_aMatsuo, Basho, _d1644-1694. |
|
| 240 | 1 | 0 |
_aOku no hosomichi. _lEnglish |
| 245 | 1 | 0 |
_aNarrow road to the interior and other writings / _cMatsuo Basho ; translated by Sam Hamill. |
| 250 | _a1st ed. | ||
| 260 |
_aBoston : _bShambhala : _bDistributed in the U.S. by Random House, _c2000. |
||
| 300 |
_axxxiii, 184 p. : _bcol. ill. ; _c25 cm. |
||
| 440 | 0 | _aShambhala centaur editions | |
| 500 | _aTranslation of: Oku no hosomichi. | ||
| 504 | _aIncludes bibliographical references (p. 99-105). | ||
| 600 | 1 | 0 |
_aMatsuo, Basho, _d1644-1694 _xTravel _zJapan. |
| 650 | 0 |
_aAuthors, Japanese _yEdo period, 1600-1868 _xTravel _zJapan. |
|
| 651 | 0 |
_aJapan _xDescription and travel _vEarly works to 1800. |
|
| 700 | 1 | _aHamill, Sam. | |
| 999 |
_c4256 _d4256 |
||